| 000 | 01049nam a22002777a 4500 | ||
|---|---|---|---|
| 001 | 9001 | ||
| 003 | FISKH | ||
| 005 | 20251113133551.0 | ||
| 008 | 251113b cb ||||| |||| 00| 0 eng d | ||
| 040 |
_aFISKH _beng _cFISKH _dFISKH |
||
| 050 | _aPZ7 | ||
| 082 | _a597.8 | ||
| 100 |
_aClay, Pat _eAuthor |
||
| 245 |
_aFrogs and toads : _bNature in close-up / _cPat and Helen Clay |
||
| 260 |
_aLondon : _bAdam & Charles Black , _c1981 |
||
| 300 |
_a25 pages : _bcolor illustrations ; _c22 cm |
||
| 505 | _aG | ||
| 520 | _aFrog and Toads explains the lives of these two fascinating amphibians. Readers learn about their bodies, life cycles, and habitats, and discover how frogs and toads are alikeāand how they differ. With easy text and colorful illustrations, this nonfiction book helps young readers explore nature in an engaging way. | ||
| 521 | 8 |
_a400
_bLexile estimate |
|
| 521 | 8 |
_aG
_bRaz-Plus |
|
| 650 |
_aNature _vAnimal |
||
| 650 |
_aFrogs _vToads |
||
| 700 |
_aClay, Helen _eAuthor |
||
| 942 |
_2ddc _cBK _n0 |
||
| 999 |
_c9001 _d9001 |
||